[Event "Challenge"]
[Site "http://www.queenalice.com/game.php?id=159552"]
[Date "2007.1.26"]
[Round "-"]
[White "Imazava"]
[Black "Wagninho"]
[Result "1-0"]
[WhiteElo "1348"]
[BlackElo "883"]

1. e3 e5 2. Qf3 Nh6 3. Bc4 Qh4 4. g3 Qxc4 5. Na3 Qc5 6. d4 Qxc2 7. Nxc2 b6 8.
Qxa8 Na6 9. Qxc8+ Ke7 10. Qxa6 Kd8 11. e4 Be7 12. Qxa7 d6 13. Qb8+ Kd7 14. Qxh8
Bf6 15. a4 Ng4 16. dxe5 Nxe5 17. a5 Nd3+ 18. Kd2 Nxf2 19. axb6 Nxh1 20. Ra8 Nxg3
21. Qe8# 1-0

[Event "Challenge"]
[Site "http://www.queenalice.com/game.php?id=166474"]
[Date "2007.2.10"]
[Round "-"]
[White "Wagninho"]
[Black "Henry"]
[Result "0-1"]
[WhiteElo "999"]
[BlackElo "1477"]

1. e4 e5 2. Qh5 Nc6 3. Bc4 Qe7 4. Nh3 g6 5. Qg4 Nf6 6. Qf3 Nd4 7. Qc3 Qb4 8.
Qxb4 Bxb4 9. Nc3 Nxc2+ 10. Kd1 Nxa1 11. Nd5 Nxd5 12. Bxd5 d6 13. Ng5 Bg4+ 14.
Ke1 Be6 15. Bxb7 Rb8 16. Ba6 Nc2+ 17. Kd1 Nd4 18. d3 Bxa2 19. Be3 Bb3+ 20. Kc1
O-O 21. Rd1 Ne2+ 22. Kb1 Bxd1 23. Nh3 Bc5 24. Bd2 Bd4 25. Bc1 Rb6 26. Bc4 Nc3+
27. Ka1 Na4 28. Bh6 Bxb2+ 29. Ka2 Nc3# 0-1